LEADER 00736nam0-22002771i-450- 001 990001463860403321 005 20001010 035 $a000146386 035 $aFED01000146386 035 $a(Aleph)000146386FED01 035 $a000146386 100 $a20000920d1963----km-y0itay50------ba 101 0 $aeng 102 $aGB 105 $aa---a---001yy 200 1 $aCell Differentiation 210 $aCambridge$cUniversity Press$d1963 215 $avi, 404 p.$cill.$d25 cm 225 1 $aSymposia of the Society for experimental botany$v17 801 0$aIT$bUNINA$gRICA$2UNIMARC 901 $aBK 912 $a990001463860403321 952 $a8 V 1 (17$b11787$fDBV 959 $aDBV 996 $aCell Differentiation$9379384 997 $aUNINA LEADER 01485nam2-2200409li-450 001 990000100320203316 005 20180312154838.0 035 $a0010032 035 $aUSA010010032 035 $a(ALEPH)000010032USA01 035 $a0010032 100 $a20019891219741975975y0itay0103----ba 101 0 $aeng 102 $aUS 200 1 $a<> design and analysis of computer algorithms$fAlfred V. Aho, John E. Hopcroft, Jeffrey D. Ullman 210 $aReading (Mass.) [etc.]$cAddison-Wesley$dcopyr. 1974 (stampa 1975) 215 $aX, 470 p.$cill.$d23 cm 225 2 $aAddison-Wesley series in computer science and information processing$v0 410 0$10010010030$12001$aAddison-Wesley series in computer science and information processing 610 1 $amatematica applicata agli elaboratori el 610 1 $amodelli matematici 676 $a5118$9Modelli matematici (Simulazioni matematiche) 700 1$aAHO,$bAlfred V.$09703 702 1$aHopcroft,$bJohn E. 702 1$aUllman,$bJeffrey D. 801 $aSistema bibliotecario di Ateneo dell' Università di Salerno$gRICA 912 $a990000100320203316 951 $a511.8 AHO (A)$b7733/CBS$c511.8 959 $aBK 969 $aSCI 979 $c19891201 979 $c20001110$lUSA01$h1710 979 $c20020403$lUSA01$h1617 979 $aPATRY$b90$c20040406$lUSA01$h1608 979 $aRSIAV6$b90$c20090504$lUSA01$h0921 996 $aDesign and Analysis of Computer Algorithms$9358027 997 $aUNISA LEADER 01347nam0 22003373i 450 001 UBO0068805 005 20251003044418.0 010 $a0123800900 100 $a20240129d1991 ||||0itac50 ba 101 | $aeng 102 $aus 181 1$6z01$ai $bxxxe 182 1$6z01$an 183 1$6z01$anc$2RDAcarrier 200 1 $aExploratory and multivariate data analysis$fMichel Jambu 210 $aBoston ...[etc.]$cAcademic Press$dc1991 215 $aXIII, 474 p.$cill.$d23 cm. 225 | $aStatistical modeling and decision science 410 0$1001MIL0029564$12001 $aStatistical modeling and decision science 500 10$aExploration informatique et statistique des donnees$3UBO0068808$9SBLV295352$9438907 606 $aStatistica matematica$xElaborazione dei dati$2FIR$3UFIC025575$9I 676 $a519.50285$9STATISTICA MATEMATICA. Applicazioni del computer$v23 700 1$aJambu$b, Michel$3SBLV295352$4070$0103024 801 3$aIT$bIT-000000$c20240129 850 $aIT-BN0095 901 $bNAP 01$cM/S $n$ 912 $aUBO0068805 950 0$aBiblioteca Centralizzata di Ateneo$d 01M/S (AR) 24 201$e 01AR 0700242015 VMA A4 1 v.$fY $h20240129$i20240129 977 $a 01 996 $aExploration informatique et statistique des données$9438907 997 $aUNISANNIO